[Event "Mumbai Wealth U13 op 5th"]
[Site "Mumbai"]
[Date "2019.12.31"]
[Round "2"]
[White "Pranav, V."]
[Black "Kunte, Amogh"]
[Result "1-0"]
[WhiteElo "2264"]
[BlackElo "1460"]
[PlyCount "75"]
[EventDate "2019.12.30"]
[EventType "swiss"]
[EventRounds "9"]
[EventCountry "IND"]
[SourceTitle "CBM 194 Extra"]
[Source "ChessBase"]
[SourceDate "2020.03.31"]
[SourceVersion "1"]
[SourceVersionDate "2020.03.31"]
[SourceQuality "1"]

1. e4 e6 2. d4 d5 3. Nc3 Bb4 4. e5 c5 5. a3 Bxc3+ 6. bxc3 Ne7 7. h4 Qc7 8. h5 Nbc6 9. h6 g6 10. Nf3 Bd7 11. Bg5 0-0-0 12. Bf6 Qa5 13. Qd2 Rdg8 14. Bd3 Be8 15. g4 Kb8 16. Rb1 Nc8 17. 0-0 cxd4 18. cxd4 Qxd2 19. Nxd2 Nxd4 20. f4 Nc6 21. Nf3 Nb6 22. Ng5 Nd7 23. Bxh8 Rxh8 24. c4 Nc5 25. cxd5 exd5 26. Bb5 Kc7 27. Rbd1 Kb6 28. Be2 Ne7 29. Bf3 Kc6 30. Rf2 Bd7 31. Nxf7 Rf8 32. Ng5 Rxf4 33. Rxd5 Nxd5 34. Bxd5+ Kxd5 35. Rxf4 Kxe5 36. Rf7 Bxg4 37. Rxh7 Kf6 38. Rf7+ 1-0